Pháp luật về góp vốn điều lệ và xử lý việc góp vốn điều lệ không đúng theo cam kết /

Bewaard in:
Bibliografische gegevens
Hoofdauteur: Lê Ngọc Thạnh.
Formaat: Artikel
Taal:Vietnamese
Onderwerpen:
Tags: Voeg label toe
Geen labels, Wees de eerste die dit record labelt!
Thư viện lưu trữ: Thư viện Trường Đại học Đà Lạt
LEADER 00809nam a2200253 4500
001 DLU200195097
005 ##20201002
040 # # |a DLU  |b vie 
041 # # |a vie 
044 # # |a vn 
100 # # |a Lê Ngọc Thạnh. 
245 # # |a Pháp luật về góp vốn điều lệ và xử lý việc góp vốn điều lệ không đúng theo cam kết /  |c Lê Ngọc Thạnh. 
653 # # |a Doanh nghiệp 
653 # # |a Góp vốn không đúng theo cam kết 
653 # # |a Vốn điều lệ 
773 # # |t Nghề luật  |g Số 4, 2018, tr. 41-45 
920 # # |a Phòng Tạp chí -- Trung tâm Thông tin - Thư viện Trường Đại học Đà Lạt 
900 # # |a True 
911 # # |a Nguyễn Thị Thu Phương 
925 # # |a G 
926 # # |a A 
927 # # |a BB 
980 # # |a Thư viện Trường Đại học Đà Lạt